000 00338nam a2200133Ia 4500
003 GCL
008 140319s9999 xx 000 0 eng d
040 _aGCL /
_cGCL
082 0 4 _a320
_bL G
100 1 _aLASKI, HAROLD
245 1 0 _aA GRAMMAR OF POLITICS /
_cLASKI, HAROLD
260 _a[S.N] :
_bCHAND AND COMPAY ،
_c1967
300 _a672 P
999 _c10359
_d10359